Personnages de fiction par couleur de cheveux - Rouge - Statistiques

Statistiques générales
  • Ce quiz a été pris 160 fois
  • Le résultat moyen est 8 sur 20
Statistiques - réponses
Par images Réponse % Correct
Ariel
100%
Bowser
89%
Pennywise
82%
Ronald McDonald
81%
Iracebeth
62%
Gaara
55%
Tahiti Bob
51%
Hisoka
50%
Vi
41%
Mystique
37%
Eijiro Kirishima
27%
Poison Ivy
26%
Makima
23%
Soma Yukihira
23%
Red
17%
Akuma
5%
Axel
4%
Iori Yagami
4%
Lilith
4%
Médusa
4%
Aucun quiz correspondant
Distribution des résultats
% des personnes avec chaque résultat
Percentile par nombre de réponses
Votre historique - résultats
Vous n’avez pas pris ce quiz